Ekonomika stavebníctva 2 Podnikové hospodárstvo : návody na cvičenia

Bibliographic Details
Main Author: Trojanová, Mária, 1963- (Author)
Format: Book
Language:Slovak
PhysicalDescription:79 strán grafy, tabuľky, vzorce 25 cm
Published: Žilina Žilinská univerzita v Žiline 2019
ISBN:9788055415956
Edition:Vydanie prvé
Subjects:

MARC

LEADER 00000cam a2200000 4500
001 vtls011968759
003 SK-MaSNL
005 20260301053211.0
008 210624s2019 xo dal frn 000 0 slo
015 |a SNBA2020/06 
020 |a 9788055415956  |q (brožované) 
035 |a urn:nbn:sk:snk-am00emly 
035 |a urn:nbn:sk:snk-am3ijvv 
035 |a 027A206B-CA55-475A-8357-1084D8595E1E 
040 |a SNK  |b slo  |c SNK  |e rda 
041 0 |a slo 
044 |a xo  |c SK 
072 7 |a 658  |x Riadenie a správa podniku  |2 konspekt 
080 |a 658.114  |2 2011 
080 |a 658  |2 2011 
080 |a 657.41/.45  |2 2011 
080 |a 658.14/.15  |2 2011 
080 |a (075)  |2 2011 
100 1 |a Trojanová, Mária,  |d 1963-  |4 aut  |9 97549 
245 1 0 |a Ekonomika stavebníctva 2  |p Podnikové hospodárstvo : návody na cvičenia  |c Mária Trojanová 
246 3 0 |a Podnikové hospodárstvo : návody na cvičenia 
250 |a Vydanie prvé 
264 1 |a Žilina  |b Žilinská univerzita v Žiline  |c 2019 
300 |a 79 strán  |b grafy, tabuľky, vzorce  |c 25 cm 
336 |a text  |b txt  |2 rdacontent 
337 |a bez média  |b n  |2 rdamedia 
338 |a zväzok  |b nc  |2 rdacarrier 
366 |e 126 kusov 
504 |a Obsahuje bibliografiu na strane 79 ; bibliografické odkazy 
650 0 7 |a podnikanie  |2 SNKPH  |9 1757 
650 0 7 |a podniková ekonomika  |2 SNKPH  |9 3955 
650 0 7 |a finančná analýza  |2 SNKPH  |9 3482 
650 0 7 |a Business  |2 SNKPHeng  |9 268171 
650 0 7 |a Managerial economics  |2 SNKPHeng  |9 267336 
650 0 7 |a Financial analysis  |2 SNKPHeng  |9 268534 
650 0 7 |a Cash flow  |2 SNKPHeng  |9 363276 
650 0 7 |a peňažné toky  |2 SNKPH  |9 70057 
655 7 |a učebné texty  |2 SNKPH  |9 70568 
655 7 |a Educational texts  |2 SNKPHeng  |9 277375 
710 2 |a Žilinská univerzita v Žiline  |4 pbl  |9 165741 
919 |a 978-80-554-1595-6 
958 |a NB 
999 |c 607752  |d 609682 
952 |a SNK  |b SNK  |y PREZ  |7 0  |p 17A1425568  |o snkSC 188640  |i snk2020/8257  |8 0  |0 0  |1 0  |4 0  |d 2020-05-22  |f 1  |l 0  |r 2025-10-06 00:00:00  |w 2026-02-23 
952 |a SNK  |b SNK  |y VYP  |7 0  |p 17A1425571  |o snkSC 188640 D1  |i snk2020/8258  |8 0  |0 0  |1 0  |4 0  |d 2020-05-22  |l 0  |r 2026-02-23 16:13:54  |w 2026-02-23